| 000 | 01204nas a2200337 4500 | ||
|---|---|---|---|
| 001 | BR2013006563 | ||
| 003 | BR-BrBNA | ||
| 005 | 20231205122804.0 | ||
| 007 | ta | ||
| 008 | 230509b bl.|||p| |||| 00| 00por d | ||
| 040 |
_aBR-BrBNA _bpor _cBiblioteca Nacional de Agricultura |
||
| 041 | _a(Pt) | ||
| 072 | _aH10 | ||
| 100 | 1 | _aSilva Neto, A.J. da | |
| 100 | 1 | _aTrevisan, H. | |
| 100 | 1 | _aNascimento, L.S. do | |
| 100 | 1 | _aCarvalho, A.G. de | |
| 245 | 1 | _aDescrição de danos e volume de fitomassa lenhosa de fustes de Cassia siamea Lam. seccionados por Coccoderus novempunctatus (coleoptera: cerambycidae) | |
| 246 | 1 | _aDescription of damages and volume of wood phytomass of Cassia siamea lam stems cut for Coccoderus novempunctatus (coleoptera:cerambycidae) | |
| 650 | _aLEGUMINOSAE | ||
| 650 | _aVOLUME | ||
| 650 | _aDANO | ||
| 650 | _aPRAGA | ||
| 650 | _aFLORESTA | ||
| 650 | _aCOLEOPTERO | ||
| 650 | _a | ||
| 773 | 0 |
_tRevista Árvore (Brazil) _xISSN 0100-6762 _g(Jul-Aug 2011), v. 35(4) p. 801-807 _wBR2013006563 |
|
| 856 | 4 |
_uhttp://www.scielo.br/pdf/rarv/v35n4/a05v35n4.pdf _yRecurso eletrônico (PDF) |
|
| 909 |
_a202311 _bLúcia _c55 _dLúcia Elande |
||
| 942 |
_2AGRIS _n0 _cANA |
||
| 999 |
_c230554 _d230554 |
||